00536 2200181 4500245007300000020002200073250001100095100002300106700001300129650002100142650001000163005001900173260010200192041001400294084001100308300002600319336000900345 aPEDOMAN KONSERVASI DAN REVITALISASI BAHASAcGanjar HarimansyahhText a978-602-437-340-5 aCet. 1 aGanjar Harimansyah aMustakim aTeknik Penulisan aEbook a20241105084814 aJakartabBadan Pengembangan dan Pembinaan Bahasa, Kementerian Pendidikan dan Kebudayaan RI,c2017 aIndonesia a808.02 aiii, 77 hlm., 21 cm : atext